Algebra clásica

-д хадгалсан:
Номзүйн дэлгэрэнгүй
Үндсэн зохиолч: Ayub N., Boris (Зохиогч)
Формат: Ном
Хэл сонгох:испани
Хэвлэсэн: Santiago Pontificia Universidad Católica de Chile. Facultad de Matemáticas 1984
Нөхцлүүд:
Шошгууд: Шошго нэмэх
Шошго байхгүй, Энэхүү баримтыг шошголох эхний хүн болох!

MARC

LEADER 00000nam a2200000 a 4500
001 UCV4218
003 CL-VaPUC
008 900905e19840000CL |||||||||||||||||spa|d
082 0 4 |a 512  |b AYU  |2 21 
100 0 |a Ayub N., Boris  |e author  |9 298530 
245 1 0 |a Algebra clásica 
300 |a v 
942 |c BK 
945 |d 19900905 00:00:00 
260 |a Santiago  |b Pontificia Universidad Católica de Chile. Facultad de Matemáticas  |c 1984 
650 0 |a Álgebra  |9 259567 
583 |a last modification  |c 19900905 00:00:00  |k Rodrigo Vera 
999 |c 211162  |d 211160 
952 |0 0  |1 0  |4 0  |6 512_000000000000000_AYU_1984  |7 0  |8 A  |9 189354  |a BIBING  |b BIBING  |d 2019-11-14  |i 2570386  |o 512 AYU 1984  |p 2570386  |r 2025-01-20  |w 2019-11-14  |y BK  |k ING